[Event "Olimpiade 2024 - Donne"]
[Site "Budapest"]
[Date "16.09.2024"]
[Round "6.9"]
[Board "1"]
[White "Francisco Guecamburu, Candela Be"]
[Black "Khademalsharieh, Sarasadat"]
[Result "0-1"]
[WhiteTitle "WGM"]
[BlackTitle "IM"]
[WhiteElo "2294"]
[BlackElo "2468"]
[WhiteTeam "Argentina"]
[BlackTeam "Spain"]
[WhiteFideId "160911"]
[BlackFideId "12512214"]
[EventDate "2024.09.11"]

1. e4 e5 2. Nf3 Nc6 3. Bc4 Nf6 4. Ng5 d5 5. exd5 Na5 6. Bb5+ c6 7. dxc6 bxc6 8.
Qf3 Be7 9. Bd3 h6 10. Ne4 Nd5 11. Ng3 O-O 12. Bf5 Ba6 13. a3 Bg5 14. Ne4 g6 15.
Nc5 gxf5 16. Nxa6 Qf6 17. g3 e4 18. Qe2 Qg7 19. Nc3 Rae8 20. Nxd5 cxd5 21. Qb5
Nc4 22. Qxd5 Ne5 23. Qb5 Bxd2+ 24. Bxd2 Nf3+ 25. Kf1 Nxd2+ 26. Kg2 Qg4 27. Rhe1
f4 28. h3 Qf3+ 29. Kg1 fxg3 30. Re2 Re6 31. fxg3 Rg6 32. g4 Qg3+ 33. Rg2 Nf3+
34. Kf1 Qxh3 35. Qh5 Nd2+ 36. Kg1 Qe3+ 37. Kh1 Rxa6 38. g5 Rg6 39. Rag1 Kh7 40.
Rg3 Nf3 0-1

[Event "Olimpiade 2024 - Donne"]
[Site "Budapest"]
[Date "16.09.2024"]
[Round "6.9"]
[Board "2"]
[White "Vega Gutierrez, Sabrina"]
[Black "Campos, Maria Jose"]
[Result "1-0"]
[WhiteTitle "IM"]
[BlackTitle "WIM"]
[WhiteElo "2374"]
[BlackElo "2252"]
[WhiteTeam "Spain"]
[BlackTeam "Argentina"]
[WhiteFideId "2219026"]
[BlackFideId "146803"]
[EventDate "2024.09.11"]

1. e4 e5 2. Nf3 Nc6 3. Nc3 Nf6 4. Bb5 Nd4 5. O-O Nxb5 6. Nxb5 c6 7. Nc3 d6 8. d4
Qc7 9. Bg5 Be7 10. a4 Bg4 11. Bxf6 Bxf6 12. d5 O-O 13. h3 Bd7 14. Qd3 Rad8 15.
a5 c5 16. Rfd1 g6 17. Qc4 Bg7 18. Ra3 Bh6 19. Ne1 f5 20. Nd3 Rc8 21. Nxe5 Bg7
22. Nc6 Bxc3 23. Rxc3 Rce8 24. e5 Bc8 25. exd6 Qxd6 26. Nxa7 Bd7 27. Nb5 Qf6 28.
Qxc5 1-0

[Event "Olimpiade 2024 - Donne"]
[Site "Budapest"]
[Date "16.09.2024"]
[Round "6.9"]
[Board "3"]
[White "Borda Rodas, Anapaola S."]
[Black "Matnadze Bujiashvili, Ann"]
[Result "1/2-1/2"]
[WhiteTitle "WIM"]
[BlackTitle "IM"]
[WhiteElo "2216"]
[BlackElo "2338"]
[WhiteTeam "Argentina"]
[BlackTeam "Spain"]
[WhiteFideId "152781"]
[BlackFideId "13601377"]
[EventDate "2024.09.11"]

1. e4 e5 2. Nf3 d6 3. d4 exd4 4. Nxd4 Be7 5. c4 Nf6 6. Nc3 O-O 7. Bd3 Nc6 8.
Nxc6 bxc6 9. O-O Re8 10. h3 Nd7 11. Be3 Bf6 12. Rc1 Ne5 13. Be2 Ng6 14. c5 Rb8
15. b3 a5 16. Bd3 dxc5 17. Bxc5 Be5 18. Be3 Qh4 19. Qf3 Re6 20. Qg4 Qf6 21. Bg5
Rd6 22. Bxf6 Bxg4 23. Bxe5 Nxe5 24. Bb1 Bc8 25. f4 Ng6 26. e5 Rd4 27. Rcd1 c5
28. Bxg6 hxg6 29. Ne2 Rxd1 30. Rxd1 Ba6 31. Nc3 c4 32. bxc4 Bxc4 33. Rd7 Rc8 34.
Kf2 Be6 35. Rd2 Kf8 36. Ne4 Ke7 37. Nc5 Rb8 38. Na6 Rc8 39. Rc2 c6 40. Rc5 Bxa2
41. Rxa5 Bd5 42. Nc5 Rb8 43. Ra7+ Ke8 44. Nb7 Kf8 45. g4 Re8 46. Nc5 Kg8 47. h4
Rb8 48. Nb7 Re8 49. Kg3 Re7 50. Ra8+ 1/2-1/2

[Event "Olimpiade 2024 - Donne"]
[Site "Budapest"]
[Date "16.09.2024"]
[Round "6.9"]
[Board "4"]
[White "Calzetta Ruiz, Monica"]
[Black "Sarquis, Maria Belen"]
[Result "1-0"]
[WhiteTitle "WGM"]
[BlackTitle "WIM"]
[WhiteElo "2199"]
[BlackElo "2172"]
[WhiteTeam "Spain"]
[BlackTeam "Argentina"]
[WhiteFideId "2204185"]
[BlackFideId "111805"]
[EventDate "2024.09.11"]

1. e4 e5 2. Nf3 Nc6 3. Bb5 a6 4. Ba4 d6 5. O-O Bd7 6. c3 g6 7. d4 Bg7 8. Be3 Nf6
9. Nbd2 Ng4 10. Bb3 Nxe3 11. fxe3 O-O 12. Qe2 Qe7 13. a4 Kh8 14. Qf2 Na5 15. Ba2
c5 16. d5 b5 17. b4 Nb7 18. axb5 axb5 19. Bb3 Bh6 20. Rfe1 Qd8 21. Nf1 cxb4 22.
cxb4 Rxa1 23. Rxa1 Qb6 24. h4 f6 25. Bd1 Kg7 26. N3h2 f5 27. exf5 gxf5 28. Nf3
Rc8 29. Ng5 Rc4 30. Ra8 Nd8 31. Qg3 f4 32. Ne6+ Kf6 33. Qg8 Nxe6 34. dxe6 Bxe6
35. Qxh7 Bg7 36. Bh5 Bf7 37. Bxf7 Kxf7 38. Qh5+ Kf6 39. Qg5+ Kf7 40. Qh5+ Kf6
41. Re8 Qa7 42. Qg4 fxe3 1-0

[Event "Olimpiade 2024 - Donne"]
[Site "Budapest"]
[Date "16.09.2024"]
[Round "6.10"]
[Board "1"]
[White "Linares Napoles, Oleiny"]
[Black "Kamalidenova, Meruert"]
[Result "0-1"]
[WhiteTitle "WGM"]
[BlackTitle "IM"]
[WhiteElo "2201"]
[BlackElo "2352"]
[WhiteTeam "Cuba"]
[BlackTeam "Kazakhstan"]
[WhiteFideId "3504794"]
[BlackFideId "13712802"]
[EventDate "2024.09.11"]

1. c4 Nf6 2. g3 g6 3. Bg2 Bg7 4. Nc3 O-O 5. e4 c5 6. Nge2 Nc6 7. d3 a6 8. O-O
Rb8 9. Bg5 b5 10. Qd2 Re8 11. Rac1 d6 12. b3 Bg4 13. h3 Bd7 14. Bh6 Bh8 15. f4
b4 16. Nd1 e6 17. g4 Qc7 18. Ne3 Bc8 19. Rf2 Nd7 20. Rcf1 f6 21. f5 Nde5 22.
fxe6 Bxe6 23. Nf4 Qd8 24. Nxe6 Rxe6 25. g5 Nf7 26. Ng4 Nce5 27. Nxf6+ Bxf6 28.
gxf6 Nxh6 29. Qxh6 Rb7 30. Qg5 Rf7 31. h4 Qf8 32. Bh3 h6 33. Qe3 Rexf6 34. Rxf6
Rxf6 35. Rxf6 Qxf6 36. Qxh6 Nxd3 37. e5 Qf2+ 38. Kh1 Qe1+ 39. Kg2 Qe4+ 40. Kg1
Nf4 41. Bf1 Qe3+ 42. Kh1 Qf2 43. Bh3 Qf3+ 0-1

[Event "Olimpiade 2024 - Donne"]
[Site "Budapest"]
[Date "16.09.2024"]
[Round "6.10"]
[Board "2"]
[White "Balabayeva, Xeniya"]
[Black "Arribas Robaina, Maritza"]
[Result "1-0"]
[WhiteTitle "WIM"]
[BlackTitle "WGM"]
[WhiteElo "2335"]
[BlackElo "2143"]
[WhiteTeam "Kazakhstan"]
[BlackTeam "Cuba"]
[WhiteFideId "13719688"]
[BlackFideId "3501418"]
[EventDate "2024.09.11"]

1. d4 d5 2. Bf4 Nf6 3. e3 e6 4. Nf3 Bd6 5. Bg3 O-O 6. Nbd2 c5 7. c3 Qc7 8. Bxd6
Qxd6 9. Ne5 Nfd7 10. Ndf3 f6 11. Nxd7 Nxd7 12. Be2 b6 13. O-O Bb7 14. c4 Rfd8
15. Rc1 Kh8 16. dxc5 Nxc5 17. b4 Ne4 18. Qb3 dxc4 19. Bxc4 e5 20. Rfd1 Qe7 21.
Bd5 Bxd5 22. Rxd5 Rac8 23. Rxd8+ Rxd8 24. h3 g6 25. Qc2 Nd6 26. Qb3 Kg7 27. Rc6
Nf7 28. Qc4 Rd6 29. b5 Rxc6 30. Qxc6 Nd8 31. Qd5 Nf7 32. g4 Qd6 33. Qb7 Qb4 34.
g5 Qxb5 35. Qxa7 Qc6 36. gxf6+ Kxf6 37. Qxf7+ 1-0

[Event "Olimpiade 2024 - Donne"]
[Site "Budapest"]
[Date "16.09.2024"]
[Round "6.10"]
[Board "3"]
[White "Miranda Llanes, Yerisbel"]
[Black "Nurman, Alua"]
[Result "0-1"]
[WhiteTitle "WGM"]
[BlackTitle "WIM"]
[WhiteElo "2294"]
[BlackElo "2324"]
[WhiteTeam "Cuba"]
[BlackTeam "Kazakhstan"]
[WhiteFideId "3507700"]
[BlackFideId "13729390"]
[EventDate "2024.09.11"]

1. d4 d5 2. c4 e6 3. Nc3 Nf6 4. cxd5 exd5 5. Bg5 c6 6. e3 h6 7. Bh4 Be7 8. Bd3
O-O 9. Bg3 Re8 10. h3 Bd6 11. Nge2 Bxg3 12. Nxg3 Nbd7 13. O-O a5 14. Nf5 Nf8 15.
Rc1 Ng6 16. Ng3 Nh4 17. Na4 Rb8 18. a3 Qd6 19. Re1 b6 20. e4 dxe4 21. Nxe4 Nxe4
22. Rxe4 Rxe4 23. Bxe4 Bd7 24. Qc2 Qf4 25. g3 Qg5 26. Kh2 Bf5 27. Bxf5 Nxf5 28.
h4 Qg4 29. Qxc6 Nxd4 30. Qd6 Nf3+ 31. Kg2 Nxh4+ 32. Kh2 Re8 33. gxh4 Qxh4+ 34.
Kg2 Qg5+ 0-1

[Event "Olimpiade 2024 - Donne"]
[Site "Budapest"]
[Date "16.09.2024"]
[Round "6.10"]
[Board "4"]
[White "Kairbekova, Amina"]
[Black "Forgas Moreno, Yaniela"]
[Result "1-0"]
[WhiteTitle "WIM"]
[BlackTitle "WGM"]
[WhiteElo "2243"]
[BlackElo "2203"]
[WhiteTeam "Kazakhstan"]
[BlackTeam "Cuba"]
[WhiteFideId "13712799"]
[BlackFideId "3508072"]
[EventDate "2024.09.11"]

1. e4 c6 2. d4 d5 3. e5 Bf5 4. Nf3 e6 5. Be2 Bg6 6. O-O Nh6 7. a4 Be7 8. c3 O-O
9. a5 Nd7 10. Bxh6 gxh6 11. Ne1 f6 12. Bg4 fxe5 13. Bxe6+ Kh8 14. Bxd7 Qxd7 15.
dxe5 Qe6 16. Qe2 Rae8 17. f4 Bc5+ 18. Kh1 Qf5 19. Nd2 Bh5 20. Ndf3 Qxf4 21. Nd3
Qe4 22. Qd1 Be7 23. Ra4 Qe3 24. Nde1 Bg6 25. Nc2 Qd3 26. Ncd4 Bg5 27. Qa1 c5 28.
Rd1 Qa6 29. Nb3 Bc2 30. Nxc5 Qc6 31. b4 Bxd1 32. Qxd1 Be3 33. Ra1 Bxc5 34. bxc5
Qxc5 35. Qd2 Rc8 36. Qxh6 Qxc3 37. Rf1 Qd3 38. Rc1 Qg6 39. Qd2 Rxc1+ 40. Qxc1
Qe4 41. h3 d4 42. Qc5 Kg7 43. Qe7+ Kg8 44. Qe6+ Kh8 45. Qe7 Qf4 46. Qxb7 d3 47.
e6 Rb8 48. Qd7 Rb1+ 49. Ng1 Qe3 50. Qe8+ Kg7 51. Qf7+ Kh6 52. Qf6+ 1-0

[Event "Olimpiade 2024 - Donne"]
[Site "Budapest"]
[Date "16.09.2024"]
[Round "6.11"]
[Board "1"]
[White "Stefanova, Antoaneta"]
[Black "Theissl Pokorna, Regina"]
[Result "1/2-1/2"]
[WhiteTitle "GM"]
[BlackTitle "WGM"]
[WhiteElo "2416"]
[BlackElo "2302"]
[WhiteTeam "Bulgaria"]
[BlackTeam "Austria"]
[WhiteFideId "2902257"]
[BlackFideId "14902052"]
[EventDate "2024.09.11"]

1. e4 e5 2. Nf3 Nc6 3. Nc3 Nf6 4. Bb5 Bb4 5. O-O O-O 6. Bxc6 dxc6 7. d3 Re8 8.
Ne2 Bf8 9. h3 a5 10. a4 c5 11. b3 Nd7 12. Nh2 Ra6 13. Bd2 Nb8 14. f4 exf4 15.
Nxf4 Nc6 16. Bc3 Nd4 17. Qd2 Rf6 18. Nd5 Rg6 19. Nf4 Rf6 20. Nd5 Rg6 21. Nf4 Rf6
22. Nd5 1/2-1/2

[Event "Olimpiade 2024 - Donne"]
[Site "Budapest"]
[Date "16.09.2024"]
[Round "6.11"]
[Board "2"]
[White "Newrkla, Katharina"]
[Black "Salimova, Nurgyul"]
[Result "1/2-1/2"]
[WhiteTitle "WIM"]
[BlackTitle "IM"]
[WhiteElo "2208"]
[BlackElo "2412"]
[WhiteTeam "Austria"]
[BlackTeam "Bulgaria"]
[WhiteFideId "1621629"]
[BlackFideId "2915138"]
[EventDate "2024.09.11"]

1. e4 e5 2. Nf3 Nc6 3. Bb5 a6 4. Ba4 d6 5. O-O Bd7 6. c4 Bg4 7. h3 Bxf3 8. Qxf3
Nf6 9. d3 Nd7 10. Be3 g6 11. Nc3 Bg7 12. b4 Nd4 13. Bxd4 exd4 14. Bxd7+ Qxd7 15.
Nd5 Qd8 16. c5 O-O 17. Rac1 dxc5 18. bxc5 c6 19. Nb6 Rb8 20. Qd1 Qe7 21. Qd2 Be5
22. Qb4 g5 23. Nc4 Rfd8 24. Nxe5 Qxe5 25. f4 gxf4 26. Qd2 Re8 27. Rxf4 Re6 28.
Qf2 Rf8 29. Rf5 Qg7 30. Rb1 f6 31. Qxd4 Qe7 32. Qc4 Re8 33. e5 Kg7 34. exf6+
Rxf6 35. Rxf6 Kxf6 36. Qg4 Qxc5+ 37. d4 Qg5 38. Qd7 Re7 39. Qd8 Kg7 40. Rf1 Qe3+
41. Kh2 Rf7 42. Rxf7+ Kxf7 43. Qd7+ Kg6 1/2-1/2

[Event "Olimpiade 2024 - Donne"]
[Site "Budapest"]
[Date "16.09.2024"]
[Round "6.11"]
[Board "4"]
[White "Schloffer, Jasmin-Denise"]
[Black "Peycheva, Gergana"]
[Result "1/2-1/2"]
[WhiteTitle "WIM"]
[BlackTitle "FM"]
[WhiteElo "2168"]
[BlackElo "2248"]
[WhiteTeam "Austria"]
[BlackTeam "Bulgaria"]
[WhiteFideId "1631209"]
[BlackFideId "2916711"]
[EventDate "2024.09.11"]

1. d4 d5 2. c4 e6 3. Nc3 a6 4. cxd5 exd5 5. Bf4 Nf6 6. Bg5 Be7 7. e3 h6 8. Bh4
O-O 9. Bd3 Bg4 10. f3 Bc8 11. Bf2 c5 12. Nge2 Nc6 13. O-O Re8 14. Qd2 b5 15.
dxc5 Bxc5 16. Nd4 Ne5 17. Rad1 Qb6 18. b3 Bd7 19. Bb1 b4 20. Nce2 a5 21. Nf4 Nc6
22. Nfe2 a4 23. Nxc6 Bxc6 24. Nd4 Bd7 25. Rfe1 Re7 26. Qd3 Qa6 27. Bh4 Qxd3 28.
Rxd3 g5 29. Bf2 axb3 30. Nxb3 Bb6 31. Nd4 Ree8 32. Rc1 Rec8 33. Re1 Rc4 34. Rd2
Rac8 35. Rb2 Rc1 36. Kf1 g4 37. Rxc1 Rxc1+ 38. Be1 gxf3 39. gxf3 Bc7 40. Bd3
Bh3+ 41. Ke2 Be5 42. Rxb4 Rc8 43. Bg3 Nd7 44. Nf5 Ra8 45. a4 Bxg3 46. hxg3 Nc5
47. Ne7+ Kf8 48. Nxd5 Nxa4 49. Rh4 Be6 50. Nc7 Ra5 51. Nxe6+ fxe6 52. Rxh6 Nc5
53. Bc4 Ke7 54. Kd2 Kd6 55. Rh4 Ra1 56. g4 Rg1 57. Rh2 Nd7 58. Bd3 Ra1 59. Rh6
Ne5 60. Be4 Nc4+ 61. Kd3 Ne5+ 62. Ke2 Ra2+ 63. Ke1 Ke7 64. Rh7+ Kf8 65. Rc7 Rg2
66. Kf1 Ra2 67. Rc5 Nd7 68. Rc2 Ra5 69. Kf2 Nf6 70. Rc4 Ke7 71. Kg3 Ra1 72. f4
Rg1+ 73. Bg2 Nxg4 74. Rc3 Nf6 75. Kf2 Ra1 76. Bf3 Ra4 77. Ke2 Ne4 78. Bxe4 Rxe4
79. Kd3 Ra4 80. Rc4 Ra1 81. Kd4 Rd1+ 82. Ke4 Kf6 83. Rc6 Ra1 84. Kf3 Ra3 85. Rb6
Ke7 86. Rb5 Kf6 87. Re5 Ra1 88. Ke4 Ra4+ 89. Kd3 Ra3+ 90. Ke4 1/2-1/2

[Event "Olimpiade 2024 - Donne"]
[Site "Budapest"]
[Date "16.09.2024"]
[Round "6.12"]
[Board "3"]
[White "Guichard, Pauline"]
[Black "Karacsonyi, Kata"]
[Result "1-0"]
[WhiteTitle "IM"]
[BlackTitle "WFM"]
[WhiteElo "2374"]
[BlackElo "2233"]
[WhiteTeam "France"]
[BlackTeam "Hungary B"]
[WhiteFideId "639370"]
[BlackFideId "769584"]
[EventDate "2024.09.11"]

1. d4 Nf6 2. c4 e6 3. Nf3 d5 4. Nc3 dxc4 5. e4 b5 6. e5 Nd5 7. Nxb5 Nb6 8. a4
Qd7 9. Bd2 Ba6 10. b3 cxb3 11. Qxb3 c6 12. Nd6+ Bxd6 13. exd6 Qxd6 14. Bxa6 Nxa6
15. O-O O-O 16. Rfc1 Nd7 17. Rc4 Qd5 18. Qc2 c5 19. dxc5 Ndxc5 20. Be3 Nb7 21.
Rd1 Qf5 22. Qb2 Rab8 23. Rf4 Qa5 24. Rg4 f6 25. Bh6 Rf7 26. Rxg7+ Rxg7 27. Bxg7
Rd8 28. Rxd8+ Qxd8 29. h4 Kxg7 30. Qxb7+ Nc7 31. Qxa7 Qd1+ 32. Kh2 Qd6+ 33. g3
Kg6 34. Qb8 Kg7 35. Kg2 Qc6 36. Qc8 e5 37. a5 Kg6 38. Qg8+ Kh6 39. g4 Ne6 40.
Kg3 Qd7 41. g5+ Kh5 42. gxf6 e4 43. Ne5 1-0

[Event "Olimpiade 2024 - Donne"]
[Site "Budapest"]
[Date "16.09.2024"]
[Round "6.13"]
[Board "1"]
[White "Roebers, Eline"]
[Black "Khamdamova, Afruza"]
[Result "1/2-1/2"]
[WhiteTitle "IM"]
[BlackTitle "WIM"]
[WhiteElo "2340"]
[BlackElo "2313"]
[WhiteTeam "Netherlands"]
[BlackTeam "Uzbekistan"]
[WhiteFideId "1058401"]
[BlackFideId "14210444"]
[EventDate "2024.09.11"]

1. e4 e5 2. Nc3 Nf6 3. f4 d5 4. fxe5 Nxe4 5. Qf3 Nxc3 6. dxc3 Be6 7. Bf4 c6 8.
O-O-O Nd7 9. Qg3 h6 10. h4 Qa5 11. Kb1 O-O-O 12. Nf3 c5 13. Be2 g6 14. Nd2 Qc7
15. Rhe1 Bg7 16. Bg4 Rhe8 17. Nb3 Qc6 18. Bf3 Nb6 19. Qf2 Bf8 20. Qe3 Nc4 21.
Qc1 h5 22. Nd2 Nxd2+ 23. Rxd2 Qb6 24. Be2 Be7 25. g3 d4 26. c4 Rd7 27. Bd3 Qa6
28. b3 Bd8 29. Rf2 Bc7 30. Bd2 Kb8 31. c3 Ba5 32. cxd4 Rxd4 33. Bc2 Red8 34.
Bxa5 Qxa5 35. Re4 R4d7 36. Qe1 Qc7 37. Re3 Bf5 38. Kb2 Bxc2 39. Rxc2 Rd1 40. Qf2
Qe7 41. Qf4 R8d4 42. Re4 Rxe4 43. Qxe4 Rd4 44. Qe3 a6 45. Rf2 f5 46. Rf4 Rd8 47.
Rf2 Rd4 48. Rf4 Rd8 49. Rf2 1/2-1/2

[Event "Olimpiade 2024 - Donne"]
[Site "Budapest"]
[Date "16.09.2024"]
[Round "6.13"]
[Board "2"]
[White "Yakubbaeva, Nilufar"]
[Black "Peng, Zhaoqin"]
[Result "1/2-1/2"]
[WhiteTitle "WGM"]
[BlackTitle "GM"]
[WhiteElo "2248"]
[BlackElo "2349"]
[WhiteTeam "Uzbekistan"]
[BlackTeam "Netherlands"]
[WhiteFideId "14204487"]
[BlackFideId "1004786"]
[EventDate "2024.09.11"]

1. d4 d5 2. c4 e6 3. Nc3 Nf6 4. Nf3 Nbd7 5. e3 Be7 6. Be2 O-O 7. O-O b6 8. b3
Bb7 9. Bb2 c5 10. Rc1 a6 11. cxd5 exd5 12. Bd3 Re8 13. dxc5 Nxc5 14. Bb1 Nfe4
15. Nd4 Bf6 16. b4 Nxc3 17. Bxc3 Ne4 18. Ba1 Rc8 19. Qd3 g6 20. Rxc8 Qxc8 21. a3
Qc4 22. Rd1 Kg7 23. Bb2 Rc8 24. f3 Nc3 25. Re1 Na4 26. Ba1 Qxd3 27. Bxd3 h5 28.
Kf2 Kg8 29. Ke2 Bg7 30. Kd2 Kf8 31. Bc2 b5 32. Bxa4 bxa4 33. Rc1 Rxc1 34. Kxc1
Bxd4 35. Bxd4 Ke7 1/2-1/2

[Event "Olimpiade 2024 - Donne"]
[Site "Budapest"]
[Date "16.09.2024"]
[Round "6.13"]
[Board "3"]
[White "Van Foreest, Machteld"]
[Black "Omonova, Umida"]
[Result "1-0"]
[WhiteTitle "FM"]
[BlackTitle "WIM"]
[WhiteElo "2224"]
[BlackElo "2032"]
[WhiteTeam "Netherlands"]
[BlackTeam "Uzbekistan"]
[WhiteFideId "1051563"]
[BlackFideId "14210363"]
[EventDate "2024.09.11"]

1. e4 e5 2. Nf3 Nc6 3. Bc4 Bc5 4. c3 Nf6 5. d3 a6 6. Bb3 Ba7 7. h3 d6 8. Nbd2 h6
9. Nf1 d5 10. Qe2 Qd6 11. exd5 Nxd5 12. d4 e4 13. Qxe4+ Be6 14. Bxd5 Qxd5 15.
Qxd5 Bxd5 16. Bf4 O-O-O 17. Ne3 Rhe8 18. O-O Be4 19. Rad1 Ne7 20. Ne5 f6 21. Nd3
Nd5 22. Nxd5 Bxd5 23. b3 g5 24. Be3 c6 25. Rfe1 f5 26. f3 Bb8 27. Bf2 Rg8 28. c4
Bf7 29. Re7 Rd7 30. Rxd7 Kxd7 31. Ne5+ Bxe5 32. dxe5+ Kc8 33. Bb6 Be6 34. Rd6
Re8 35. h4 f4 36. h5 g4 37. g3 fxg3 38. f4 Kb8 39. Kg2 Kc8 40. Kxg3 Kb8 41. Kf2
Kc8 42. Ke3 Kb8 43. Ke4 g3 44. Kf3 1-0

[Event "Olimpiade 2024 - Donne"]
[Site "Budapest"]
[Date "16.09.2024"]
[Round "6.13"]
[Board "4"]
[White "Nadirjanova, Nodira"]
[Black "Kazarian, Anna-Maja"]
[Result "1-0"]
[WhiteTitle "WIM"]
[BlackTitle "FM"]
[WhiteElo "2059"]
[BlackElo "2180"]
[WhiteTeam "Uzbekistan"]
[BlackTeam "Netherlands"]
[WhiteFideId "14201232"]
[BlackFideId "1033689"]
[EventDate "2024.09.11"]

1. d4 d5 2. c4 c6 3. e3 Nf6 4. Nc3 e6 5. Nf3 Nbd7 6. Be2 Bd6 7. O-O Ne4 8. Bd3
f5 9. Ne2 Qf6 10. Ne1 O-O 11. f3 Qh4 12. g3 Nxg3 13. hxg3 Bxg3 14. Nxg3 Qxg3+
15. Ng2 e5 16. Qe1 Qg6 17. cxd5 cxd5 18. Bd2 e4 19. Be2 Nf6 20. f4 Bd7 21. Rc1
Ng4 22. Qh4 Qb6 23. Bxg4 fxg4 24. Bc3 Rad8 25. Kf2 Rf6 26. Rh1 h6 27. Kg1 Rc8
28. Qe1 Kh7 29. Rh2 Qa6 30. a3 Bb5 31. Rh5 Qe6 32. Re5 Qd7 33. Kh2 b6 34. Rc2
Bd3 35. Rd2 Qb5 36. Qd1 g3+ 37. Kxg3 Rg6+ 38. Kh2 Qd7 39. Qh5 Bc4 40. Nh4 Rg4
41. Nf5 Rg6 42. Ne7 1-0

[Event "Olimpiade 2024 - Donne"]
[Site "Budapest"]
[Date "16.09.2024"]
[Round "6.14"]
[Board "1"]
[White "Atalik, Ekaterina"]
[Black "Unuk, Laura"]
[Result "1/2-1/2"]
[WhiteTitle "IM"]
[BlackTitle "IM"]
[WhiteElo "2381"]
[BlackElo "2316"]
[WhiteTeam "Turkiye"]
[BlackTeam "Slovenia"]
[WhiteFideId "4130189"]
[BlackFideId "14609215"]
[EventDate "2024.09.11"]

1. d4 d5 2. c4 c6 3. Nf3 Nf6 4. cxd5 cxd5 5. Nc3 Nc6 6. Bf4 a6 7. e3 Bf5 8. Bd3
Bxd3 9. Qxd3 e6 10. O-O Bd6 11. Bg5 h6 12. Bh4 O-O 13. Rfc1 Be7 14. Bxf6 Bxf6
15. Na4 Be7 16. Nc5 Bxc5 17. Rxc5 Qb6 18. Qc3 a5 19. Ne5 Nxe5 20. dxe5 f6 21.
Rc1 fxe5 22. Qxe5 Rf5 23. Qd4 Raf8 24. f3 Qa6 25. Kf2 Qd6 26. Kg1 Qa6 27. R1c2
a4 28. a3 R5f7 29. Rc8 Rxc8 30. Rxc8+ Rf8 31. Rxf8+ Kxf8 32. h4 Qc6 33. Qf4+ Ke7
34. Qe5 Kf7 35. Kh2 b5 36. Qf4+ Ke7 37. Qd4 Kf7 38. Kg3 Qc4 39. Qa7+ Kf6 40. Qb8
Kf7 41. h5 Qe2 42. Qc7+ Kf8 43. Qf4+ Ke7 44. Qc7+ Kf8 45. Qd8+ Kf7 46. Qd7+ Kf6
47. Qd8+ Kf7 48. Qc7+ 1/2-1/2

[Event "Olimpiade 2024 - Donne"]
[Site "Budapest"]
[Date "16.09.2024"]
[Round "6.14"]
[Board "3"]
[White "Ozturk Orenli, Kubra"]
[Black "Janzelj, Lara"]
[Result "0-1"]
[WhiteTitle "WGM"]
[BlackTitle "WIM"]
[WhiteElo "2262"]
[BlackElo "2193"]
[WhiteTeam "Turkiye"]
[BlackTeam "Slovenia"]
[WhiteFideId "6302599"]
[BlackFideId "14608391"]
[EventDate "2024.09.11"]

1. d4 d5 2. c4 c6 3. Nf3 Nf6 4. Nc3 dxc4 5. a4 Bf5 6. Ne5 Nbd7 7. Nxc4 Qc7 8. g3
e5 9. dxe5 Nxe5 10. Bf4 Nfd7 11. Bg2 g5 12. Ne3 gxf4 13. Nxf5 O-O-O 14. Qc2 Bc5
15. O-O-O fxg3 16. hxg3 Kb8 17. e3 Qa5 18. Ne4 Bb4 19. Kb1 Nb6 20. Ned6 Rd7 21.
Rd4 Rhd8 22. Rhd1 Bc5 23. R4d2 Qb4 24. Ne4 Nec4 25. Rxd7 Rxd7 26. Kc1 Rxd1+ 27.
Kxd1 Nxb2+ 28. Ke2 N6xa4 29. g4 Qb5+ 30. Kf3 a5 31. Kg3 Bb6 32. Ned6 Qe5+ 33. f4
Qe6 34. Ne4 h5 35. Ng5 Qg6 36. Qe4 f6 37. Qe7 fxg5 38. Nd6 gxf4+ 39. Kh2 Bc7 40.
Ne8 Bb6 41. Nd6 Nc5 42. Qf8+ Ka7 43. Bf1 Nbd3 44. e4 Qxg4 45. Nc8+ Ka6 46. Nxb6
Qh4+ 0-1

[Event "Olimpiade 2024 - Donne"]
[Site "Budapest"]
[Date "16.09.2024"]
[Round "6.14"]
[Board "4"]
[White "Vidic, Teja"]
[Black "Aydin, Gulenay"]
[Result "0-1"]
[WhiteTitle "WIM"]
[BlackTitle "WIM"]
[WhiteElo "2128"]
[BlackElo "2202"]
[WhiteTeam "Slovenia"]
[BlackTeam "Turkiye"]
[WhiteFideId "14605511"]
[BlackFideId "34557431"]
[EventDate "2024.09.11"]

1. e4 c5 2. Nc3 e6 3. Nge2 Nc6 4. g3 Nf6 5. Bg2 d6 6. d4 cxd4 7. Nxd4 Bd7 8. O-O
Be7 9. Nxc6 Bxc6 10. Bf4 O-O 11. e5 dxe5 12. Bxe5 Qb6 13. Qe2 Bxg2 14. Kxg2 Nd7
15. Bf4 Qxb2 16. Nd5 exd5 17. Qxe7 Qb5 18. Rab1 Qc6 19. Qd6 Nb6 20. Qxc6 bxc6
21. Bc7 Rfc8 22. Bf4 h6 23. h4 Nd7 24. Rfe1 Nf8 25. Be5 c5 26. f4 Nd7 27. Rb7
Nb6 28. Bc7 Nc4 29. Kf2 a6 30. Re7 Re8 31. Rd7 d4 32. f5 Ne3 33. Bd6 Nxf5 34.
Bxc5 Rac8 35. Rbc7 Rxc7 36. Rxc7 h5 37. Kf3 g6 38. Kf4 Ng7 39. Rc6 Ne6+ 40. Kf3
Nxc5 41. Rxc5 Re3+ 42. Kf4 Ra3 43. g4 hxg4 44. Kxg4 Rxa2 45. h5 gxh5+ 46. Kxh5
a5 47. Rc4 a4 48. Rxd4 Ra1 49. c4 a3 50. Rg4+ Kf8 51. Rg2 a2 52. Kg4 Ke7 53. Kg3
Kd6 54. Kh2 Rh1+ 55. Kxh1 a1=Q+ 56. Kh2 Qh8+ 57. Kg1 Qd4+ 58. Rf2 Ke6 59. Kg2
Qxc4 0-1

[Event "Olimpiade 2024 - Donne"]
[Site "Budapest"]
[Date "16.09.2024"]
[Round "6.15"]
[Board "1"]
[White "Borosova, Zuzana"]
[Black "Bulmaga, Irina"]
[Result "0-1"]
[WhiteTitle "WGM"]
[BlackTitle "IM"]
[WhiteElo "2205"]
[BlackElo "2406"]
[WhiteTeam "Slovakia"]
[BlackTeam "Romania"]
[WhiteFideId "14905779"]
[BlackFideId "13903063"]
[EventDate "2024.09.11"]

1. e4 e5 2. Nf3 Nc6 3. Bc4 Bc5 4. c3 Nf6 5. d4 exd4 6. b4 Bb6 7. e5 d5 8. exf6
dxc4 9. Qe2+ Be6 10. b5 Nb4 11. cxb4 Qxf6 12. O-O O-O 13. a4 c6 14. bxc6 Bd5 15.
Qe5 Qxe5 16. Nxe5 bxc6 17. Na3 c3 18. Bf4 g5 19. a5 gxf4 20. axb6 axb6 21. Nc2
Rxa1 22. Rxa1 f6 23. Nd3 Bc4 24. Nce1 Rc8 25. Nxf4 c5 26. bxc5 bxc5 27. f3 Bb3
28. Nfd3 c4 29. Nc1 Bd1 30. Kf2 Re8 31. Ra2 Bb3 32. Re2 Rd8 33. Nxb3 cxb3 34.
Nd3 Rb8 35. Re1 b2 36. Nxb2 Rxb2+ 37. Kf1 c2 0-1